LEADER 01138nas a2200217 i 4500 001 000000000224 003 CaOOAMICUS 005 20180830125433.0 008 180830s1962 it u0 ita u 040 $aSeMil$bita 245 10$aBiblioteca di storia contemporanea /$cdiretta da Gabriele De Rosa. 260 $aBrescia :$bMorcelliana,$c1962. 300 $av. ;$c23 cm. 500 $aFormata da varie sezioni. 700 1 $aDe Rosa, Gabriele,$d<1917-2009>.$0(OLS)http://semarc/name/220 774 0 $tBiblioteca di storia contemporanea. Sez. 1, Il movimento cattolico in Italia e in Europa.$dBrescia : Morcelliana, [196?]$w()17835 774 0 $tBiblioteca di storia contemporanea. Sez. 3, Partiti e ideologie.$dBrescia : Morcelliana, 1963.$w()19516 774 0 $tBiblioteca di storia contemporanea. Sez. 2, Saggi e testimonianze.$dBrescia : Morcelliana, [196?]$w()22306 774 0 $tBiblioteca di storia contemporanea. Sez. 4., Economia e politica.$dBrescia : Morcelliana, 1965.$w()31665 996 $6245$aBiblioteca di storia contemporanea$9(OLS)http://semarc/title/375 996 $6260$aBrescia :$bMorcelliana$9(OLS)http://semarc/publisher/29629 LEADER 00732nam a2200205 i 4500 001 000000210165 003 CaOOAMICUS 005 20220331120649.0 008 120117s1909 it u000 u ita u 013 $a188973 040 $aSeMil$bita 245 00$a2 /$cIppolito Taine. 264 3$aMilano :$bTreves,$c1909. 300 $a240 p. ;$c19 cm 773 0 $aTaine, Hippolyte Adolphe <1828-1893>$tAntico Regime.$dMilano : Fratelli Treves, 1908-1909.$kBiblioteca storica$g2$w()26109 850 $aSeMil 852 $aSeMil$W1$xVenegono$y1$m3S II 73$j160615$B160615$CSeMilBibl$Z2$F171517 $81 996 $6245$a2$9(OLS)http://semarc/title/46890 996 $6264$aMilano :$bTreves$9(OLS)http://semarc/publisher/30435